000 00873pam a2200205 a 4500
999 _c5725
_d5725
020 _a0136166733 (hardcover)
020 _a9780136166733
050 0 0 _aHV7936.S8
_bW48
100 1 _aWhisenand, Paul M.
245 1 0 _aSupervising police personnel :
_bthe fifteen responsibilities /
_cPaul M. Whisenand, George E. Rush.
250 _a3rd ed.
260 _aUpper Saddle River, N.J. :
_bPrentice Hall,
_cc1998.
300 _axiii, 367 p. :
_bill. ;
_c25 cm.
500 _aIncludes index.
505 _a Values -- Ethics -- Leadership -- Communications -- Time management -- Motivation -- Goals -- Empowerment -- Performance -- Conflict -- Stress -- Organizing -- Teamwork -- Community-oriented and problem-oriented policing -- Anticipation.
650 0 _aPolice
_xSupervision of.
650 0 _aPolice
_xSupervision of
700 1 _aRush, George E.
942 _cBK